F1 Season 1972 Race Winners - Statistics

General Stats
  • This quiz has been taken 8 times
  • The average score is 11 of 12
Answer Stats
Grand Prix Country Winner % Correct
Spain Brazil Emerson Fittipaldi
100%
Belgium Brazil Emerson Fittipaldi
100%
United Kingdom Brazil Emerson Fittipaldi
100%
Austria Brazil Emerson Fittipaldi
100%
Italy Brazil Emerson Fittipaldi
100%
West Germany Belgium Jacky Ickx
100%
South Africa New Zealand Denny Hulme
86%
Argentina United Kingdom Jackie Stewart
86%
France United Kingdom Jackie Stewart
86%
Canada United Kingdom Jackie Stewart
86%
United States United Kingdom Jackie Stewart
86%
Monaco France Jean-Pierre Beltoise
71%
No matching quizzes found
Score Distribution
Percent of People with Each Score
Percentile by Number Answered
Your Score History
You have not taken this quiz